Normal view
MARC view
- Bibliotecas públicas
Entry Materia
001 - NÚMERO DE CONTROL DEL REGISTRO
- campo de control: 3009
003 - IDENTIFICADOR DE NUMERO DE CONTROL
- campo de control: MX-MxUPN
005 - FECHA Y HORA DE LA ÚLTIMA TRANSACCIÓN
- campo de control: 20240508133625.0
008 - DATOS DE LONGITUD FIJA
- campo de control de longitud fija: 240508na fnnnnbaba b ana |d
035 ## - NÚMERO DE CONTROL DEL SISTEMA
- Número de control del sistema: UPN10000003009
040 ## - FUENTE DE LA CATALOGACIÓN
- Centro catalogador de origen: MX-MxUPN
- Lengua de catalogación: spa
150 ## - ENCABEZAMIENTO - TEMÁTICO
- Término de materia o nombre geográfico como elemento inicial: Bibliotecas públicas
- Subdivisión de materia general: Administración
670 ## - FUENTE EN LA QUE SE LOCALIZARON DATOS
- Cita de la fuente: Escamilla González, G. Lista de encabezamientos de materia, 1978 :
- Información localizada: página 175 (Bibliotecas públicas -- Administración)
902 ## - CATALOGADOR
- Catalogador: MEEG/160197
- Catalogador: VíctorGodínez/080524
